00430nam a2200157Ia 4500008004100000020001600041050001000057050001500067100003600082245003500118260004000153300001500193650001600208650002500224650002300249160114s9999 xx 000 0 und d a0-848715365 a745.5 b.A366 1996 aWyatt, Nancy Fitzpatrick (Ed. ) aAllene's Prizewimmimg Crafts / aAlabama :bOxmoor House, Inc.c1996 a143 pages; aHandicraft. aHoliday decorations. aHouse furnishings.